Welcome to the Holygrace Academy Library

Please use search bar below to get started

THE ENCHANTED HORSE (Record no. 8706)

MARC details
000 -LEADER
fixed length control field 00293nam a22001337a 4500
082 ## - DEWEY DECIMAL CLASSIFICATION NUMBER
Classification number 823
Item number MAG/E
100 ## - MAIN ENTRY--AUTHOR NAME
Personal name MAGDELEN, NABB
245 ## - TITLE STATEMENT
Title THE ENCHANTED HORSE
246 ## - VARYING FORM OF TITLE
Title proper/short title THE ENCHANTED HORSE
Remainder of title THE ENCHANTED HORSE
260 ## - PUBLICATION, DISTRIBUTION, ETC. (IMPRINT)
Year of publication 1995
300 ## - PHYSICAL DESCRIPTION
Number of Pages 93
650 ## - SUBJECT ADDED ENTRY--TOPICAL TERM
Topical Term ENGLISH STORY
942 ## - ADDED ENTRY ELEMENTS (KOHA)
Koha item type Books
Holdings
Withdrawn status Lost status Collection code Home library Current library Shelving location Date acquired Cost, normal purchase price Full call number Accession Number Koha item type
    Fiction Main Library Main Library   27/06/2024 35.00 823 MAG/E 11274 Books